Solve the Secret Country by 6 Clues in 60 Seconds #5 - Statistics

General Stats
  • This quiz has been taken 2,011 times
  • The average score is 4 of 6
Answer Stats
Answer % Correct
2nd Clue - People of this country drive on left.
100%
3rd Clue - This country uses tricolour flag.
97%
4th Clue - The capital of this country has single-word name.
89%
5th Clue - Yet the country itself has multi-word name.
84%
6th Clue - This country borders at least one country.
58%
THE ANSWER IS {UNITED KINGDOM}.
16%
No matching quizzes found
Score Distribution
Percent of People with Each Score
Percentile by Number Answered
Your Score History
You have not taken this quiz